LEADER 01134nas 2200385- 450 001 9910597885903321 005 20180827041028.5 011 $a2226-6089 035 $a(OCoLC)1049778117 035 $a(CKB)4550000000000059 035 $a(CONSER)--2018243245 035 $a(EXLCZ)994550000000000059 100 $a20180424a20109999 o-- - 101 0 $aeng 135 $aur||||||||||| 181 $ctxt$2rdacontent 182 $cc$2rdamedia 183 $acr$2rdacarrier 200 00$aEMBnet.journal 210 1$aNijmegen :$cEMBnet Stichting,$d[2010]- 215 $a1 online resource 300 $a"Bioinformatics in Action", 2016- 517 1 $aEMBnet journal 531 10$aEMBnet J 606 $aComputational Biology$3https://id.nlm.nih.gov/mesh/D019295 606 $aSoftware$3https://id.nlm.nih.gov/mesh/D012984 606 $aDatabases as Topic$3https://id.nlm.nih.gov/mesh/D019992 608 $aPeriodical. 615 12$aComputational Biology. 615 22$aSoftware. 615 22$aDatabases as Topic. 906 $aJOURNAL 912 $a9910597885903321 996 $aEMBnet.journal$92959307 997 $aUNINA